00708nab a2200193 uc450000100070000000500170000700800410002403500110006503500210007604000130009704100080011010000350011824501020015365000250025565000190028070000350029970000310033477301490036535938220240201131019.0990316e19981201 spa  a359382 a(OCoLC)819774950 ccomduadb aspa10aLederer, W. Jonathan4auteaut10aDe la hipertrofia a la insuficiencia cardiaca : defecto en el acoplamiento excitacion contraccion aHipertrofia cardiaca aHipertensión10aBenitah, Jean-Pierre4auteaut10aGomez, Ana Maria4auteaut0 tInvestigación y Ciencia. Edición Española de Scientific American (Barcelona)gNúmero 267, Deciembre 1998, p. 39-41w5406z0210136X03445